| 000 | 00938nam a2200253Ia 4500 | ||
|---|---|---|---|
| 003 | OSt | ||
| 005 | 20221005105502.0 | ||
| 006 | a|||||r|||| 00| 0 | ||
| 007 | ta | ||
| 008 | 221004b |||||||| |||| 00| 0 hin d | ||
| 024 | _a31765 | ||
| 037 | _cTextual | ||
| 040 |
_aCRL _cCRL _bhin |
||
| 041 |
_2hin _ahin |
||
| 082 | _aQ127:22, 152M2 | ||
| 100 | _aशर्मा, उर्मिला देवी | ||
| 245 | 0 |
_aशतपथ ब्राह्मण _b एक सांस्कृतिक अध्ययन |
|
| 246 | _aShatapath brāhmaṇa: ek sāanskṛutik adhyayana | ||
| 260 |
_aनई दिल्ली _bमेहरचन्द लछमनदास पब्लिकेशन्स भारत _c1982 |
||
| 300 |
_a296पृ. _ccm. |
||
| 650 | _aधर्म | ||
| 942 |
_hQ127:22, 152M2 _cTEXL _2cc |
||
| 999 |
_c1015982 _d1015982 |
||